000 00621nam a2200241Ia 4500
003 OSt
005 20220926033851.0
006 a|||||r|||| 00| 0
007 ta
008 220923b |||||||| |||| 00| 0 eng d
037 _cGeneral Book
040 _aRTL
_cRTL
_beng
041 _2eng
_aeng
082 _aQ233, L2
100 _aSharma L N
245 0 _aKashmir Saivism
260 _aVaranasi
_bBhartiya Vidhya Prakashan India
_c1972
300 _av,373p
_ccm.
500 _aBib p 369-70
650 _aHinduism
_98459
942 _hQ233, L2
_cGB
_2CC
999 _c658133
_d658133